000
00270nam a22001097a 4500
082
_a
912 STA'P
100
_a
STAMP, L. DUDLEY,STAMP, ELSE C
_9
57607
245
_a
PRACTICAL ATLAS OF MODERN GEOGRAPHY
260
_a
LONDON
_b
GEORGE GILL
_c
1935
300
_a
56P
942
_c
BK
999
_c
567876
_d
567876